[Event "Isle of Wight International"]
[Site "Ryde"]
[Date "2025.02.22"]
[Round "8.16"]
[White "Kreken, Eivind Grunt"]
[Black "Spence, David J"]
[Result "1-0"]
[WhiteElo "2285"]
[BlackElo "2181"]
[PlyCount "45"]
[EventDate "2025.02.18"]
[EventType "swiss"]
[EventRounds "9"]
[EventCountry "ENG"]
[SourceTitle "BritBase"]
[Source "John Saunders"]
[SourceDate "2025.02.21"]
[SourceVersion "1"]
[SourceVersionDate "2025.02.21"]
[SourceQuality "1"]

1. e4 e6 2. d4 d5 3. Nc3 Bb4 4. Nge2 Nc6 5. a3 Ba5 6. b4 Bb6 7. Bb2 Nge7 8. Na4 O-O 9. g3 Bd7 10. Bg2 Be8 11. Nc5 Bxc5 12. dxc5 b6 13. cxb6 cxb6 14. exd5 exd5 15. Nf4 d4 16. b5 Na5 17. Bxa8 Qxa8 18. O-O Bxb5 19. Qxd4 Nf5 20. Qe5 Bxf1 21. Qxf5 Ba6 22. Bxg7 Qc6 23. Qg5 1-0

[Event "Isle of Wight International"]
[Site "Ryde"]
[Date "2025.02.22"]
[Round "8.17"]
[White "Camacho Collados, Jose"]
[Black "Dignam, Matthew P"]
[Result "0-1"]
[WhiteElo "2345"]
[BlackElo "2138"]
[PlyCount "54"]
[EventDate "2025.02.18"]
[EventType "swiss"]
[EventRounds "9"]
[EventCountry "ENG"]
[SourceTitle "BritBase"]
[Source "John Saunders"]
[SourceDate "2025.02.21"]
[SourceVersion "1"]
[SourceVersionDate "2025.02.21"]
[SourceQuality "1"]

1. d4 d6 2. Nf3 Bg4 3. e4 Nf6 4. Bd3 e6 5. c3 d5 6. e5 Nfd7 7. Qb3 Qc8 8. Be3 Bxf3 9. gxf3 c5 10. dxc5 Nxc5 11. Bxc5 Bxc5 12. Rg1 Qc7 13. f4 Nc6 14. Rxg7 O-O-O 15. Kf1 Rdg8 16. Rg3 f6 17. Na3 fxe5 18. Re1 exf4 19. Nb5 fxg3 20. Nxc7 gxh2 21. Be4 Rg1+ 22. Ke2 dxe4 23. Qxe6+ Kxc7 24. Qf7+ Be7 25. Qf4+ Bd6 26. Qf7+ Kb8 27. Qh5 h1=Q 0-1

[Event "Isle of Wight International"]
[Site "Ryde"]
[Date "2025.02.22"]
[Round "8.18"]
[White "Banerjee, Supratit"]
[Black "Larchikov, Maksym"]
[Result "1-0"]
[WhiteElo "2264"]
[BlackElo "2088"]
[PlyCount "73"]
[EventDate "2025.02.18"]
[EventType "swiss"]
[EventRounds "9"]
[EventCountry "ENG"]
[SourceTitle "BritBase"]
[Source "John Saunders"]
[SourceDate "2025.02.21"]
[SourceVersion "1"]
[SourceVersionDate "2025.02.21"]
[SourceQuality "1"]

1. e4 c6 2. d4 d5 3. Nd2 dxe4 4. Nxe4 Bf5 5. Ng3 Bg6 6. h4 h6 7. Be3 Qb6 8. Bd3 Bxd3 9. Qxd3 Qxb2 10. Rd1 e6 11. N1e2 Qa3 12. c3 Qa6 13. Qc2 Nd7 14. O-O Ngf6 15. Nf4 Nb6 16. Rfe1 O-O-O 17. Nd3 Nc4 18. a4 Nd5 19. Ne4 Be7 20. Ndc5 Bxc5 21. Nxc5 Qb6 22. Bc1 Qc7 23. Qd3 Ndb6 24. g3 Qd6 25. a5 Nxa5 26. Bf4 Qd5 27. Ra1 Nbc4 28. Qb1 b6 29. Re5 Qf3 30. Rxa5 Nxa5 31. Qf1 Rd6 32. Re3 Qd5 33. Qa6+ Kb8 34. Nd7+ Kc7 35. Qxa7+ Nb7 36. Nxb6 Qb5 37. Bxd6+ 1-0

[Event "Isle of Wight International"]
[Site "Ryde"]
[Date "2025.02.22"]
[Round "8.19"]
[White "Fellowes, Billy"]
[Black "Collin, Moritz Valentin"]
[Result "1-0"]
[WhiteElo "2066"]
[BlackElo "2240"]
[PlyCount "111"]
[EventDate "2025.02.18"]
[EventType "swiss"]
[EventRounds "9"]
[EventCountry "ENG"]
[SourceTitle "BritBase"]
[Source "John Saunders"]
[SourceDate "2025.02.21"]
[SourceVersion "1"]
[SourceVersionDate "2025.02.21"]
[SourceQuality "1"]

1. e4 c5 2. Nf3 e6 3. Qe2 Nc6 4. c3 d5 5. d3 Nf6 6. g3 Be7 7. Bg2 O-O 8. O-O b5 9. h4 a5 10. e5 Nd7 11. Bf4 Ba6 12. b3 c4 13. bxc4 bxc4 14. d4 a4 15. Qc2 a3 16. Ng5 g6 17. Bh3 Qb6 18. Bc1 Nxd4 19. cxd4 Qxd4 20. Bxa3 Bxa3 21. Nxa3 Nxe5 22. Rad1 Nd3 23. Qe2 Qf6 24. Nc2 Nb2 25. Rd4 c3 26. Qe3 Bxf1 27. Kxf1 Rxa2 28. Rf4 Qe7 29. Rxf7 Rxf7 30. Bxe6 Nc4 31. Qd3 Ne5 32. Qxc3 h6 33. Nxf7 Nxf7 34. Bxd5 Ra7 35. Ne3 h5 36. Kg2 Kh7 37. Qb3 Nd6 38. Qb8 Ne8 39. Qf4 Nf6 40. Bf3 Qe6 41. Qg5 Rd7 42. Qc5 Rf7 43. Nd5 Nd7 44. Qc3 Qe5 45. Qb3 Nc5 46. Qc4 Ne6 47. Qe4 Qd6 48. Qc4 Qf8 49. Qd3 Kg7 50. Qc3+ Kg8 51. Qe3 Ng7 52. Nf4 Nf5 53. Qe6 Nd4 54. Qxg6+ Rg7 55. Bd5+ Kh8 56. Qh6+ 1-0

[Event "Isle of Wight International"]
[Site "Ryde"]
[Date "2025.02.22"]
[Round "8.20"]
[White "Kovalskyi, Roman"]
[Black "Brewer, Callum D"]
[Result "1/2-1/2"]
[WhiteElo "2240"]
[BlackElo "2122"]
[PlyCount "134"]
[EventDate "2025.02.18"]
[EventType "swiss"]
[EventRounds "9"]
[EventCountry "ENG"]
[SourceTitle "BritBase"]
[Source "John Saunders"]
[SourceDate "2025.02.21"]
[SourceVersion "1"]
[SourceVersionDate "2025.02.21"]
[SourceQuality "1"]

1. e4 c6 2. d4 d5 3. e5 Bf5 4. Nf3 e6 5. Be2 Ne7 6. O-O c5 7. c4 Nbc6 8. Na3 a6 9. Be3 cxd4 10. Nxd4 Nxd4 11. Bxd4 Nc6 12. cxd5 Qxd5 13. Bf3 Be4 14. Bxe4 Qxe4 15. Bc3 Bxa3 16. bxa3 O-O 17. Re1 Qh4 18. Qf3 Rfd8 19. Rab1 Qe7 20. h4 Rd7 21. Bb2 Qxh4 22. Re4 Qd8 23. Bc1 Nxe5 24. Rxe5 Rd1+ 25. Kh2 Qh4+ 26. Qh3 Qxh3+ 27. gxh3 Rc8 28. Rxb7 Rdxc1 29. Ra5 g6 30. Rxa6 R8c5 31. Rb2 R1c3 32. Rb3 Rc2 33. Rf3 Rxa2 34. Ra8+ Kg7 35. Ra7 Rf5 36. Rxf5 exf5 37. Kg2 g5 38. a4 Ra3 39. Ra5 Kg6 40. Ra6+ f6 41. Ra8 g4 42. hxg4 fxg4 43. Rg8+ Kf5 44. Rh8 Rxa4 45. Rxh7 Kf4 46. Rb7 f5 47. Rb8 Ra5 48. Rb2 Ra3 49. Rb4+ Kg5 50. Rb5 Rh3 51. Ra5 Kg6 52. Ra6+ Kg5 53. Ra5 Rh5 54. Kg3 Rh3+ 55. Kg2 Rb3 56. Rc5 Rb4 57. Ra5 Kf4 58. Ra2 Rb5 59. Ra4+ Kg5 60. Kg3 Rb3+ 61. Kg2 f4 62. Ra8 g3 63. Rg8+ Kf5 64. fxg3 Rxg3+ 65. Rxg3 fxg3 66. Kf3 g2 67. Kf2 g1=N 1/2-1/2

[Event "Isle of Wight International"]
[Site "Ryde"]
[Date "2025.02.22"]
[Round "8.21"]
[White "Zhang, Junyi"]
[Black "Venkatesan, Kavin"]
[Result "1/2-1/2"]
[WhiteElo "2096"]
[BlackElo "2227"]
[PlyCount "108"]
[EventDate "2025.02.18"]
[EventType "swiss"]
[EventRounds "9"]
[EventCountry "ENG"]
[SourceTitle "BritBase"]
[Source "John Saunders"]
[SourceDate "2025.02.21"]
[SourceVersion "1"]
[SourceVersionDate "2025.02.21"]
[SourceQuality "1"]

1. e4 c5 2. Nf3 d6 3. d4 cxd4 4. Nxd4 Nf6 5. f3 e5 6. Nb3 d5 7. Bg5 d4 8. c3 Nc6 9. cxd4 exd4 10. Bb5 Bb4+ 11. Bd2 O-O 12. Bxc6 Bxd2+ 13. Qxd2 bxc6 14. Qxd4 Qxd4 15. Nxd4 c5 16. Nb3 Rb8 17. Na3 Be6 18. Nxc5 Rxb2 19. Nxe6 fxe6 20. O-O Rd8 21. Nc4 Rb4 22. Rfc1 Ra4 23. Rc2 g5 24. Ne3 h5 25. h3 Ra5 26. Rac1 Rd7 27. Nc4 Rc5 28. Nd2 Rb5 29. Nb3 g4 30. hxg4 hxg4 31. Rc5 Rxc5 32. Rxc5 Kf7 33. Kf2 gxf3 34. gxf3 Ke7 35. Rc6 e5 36. Ke3 Rd6 37. Rc7+ Rd7 38. Rc5 Kd6 39. Ra5 Rc7 40. Ra6+ Ke7 41. Kd3 Nh5 42. Ra5 Nf4+ 43. Kd2 Kd6 44. Ra6+ Ke7 45. Rh6 Ne6 46. Rh7+ Kd6 47. Rxc7 Kxc7 48. Kc3 Ng5 49. Nd2 Kc6 50. Kc4 Ne6 51. Nb3 Ng5 52. Nd2 Ne6 53. Nb3 Ng5 54. Nd2 Ne6 1/2-1/2

[Event "Isle of Wight International"]
[Site "Ryde"]
[Date "2025.02.22"]
[Round "8.22"]
[White "Shearsby, Jude"]
[Black "Yu, Rock"]
[Result "1/2-1/2"]
[WhiteElo "2227"]
[BlackElo "1980"]
[PlyCount "28"]
[EventDate "2025.02.18"]
[EventType "swiss"]
[EventRounds "9"]
[EventCountry "ENG"]
[SourceTitle "BritBase"]
[Source "John Saunders"]
[SourceDate "2025.02.21"]
[SourceVersion "1"]
[SourceVersionDate "2025.02.21"]
[SourceQuality "1"]

1. e4 Nf6 2. e5 Nd5 3. c4 Nb6 4. Nc3 d6 5. exd6 cxd6 6. d4 g6 7. a4 a5 8. Be3 Bg7 9. c5 dxc5 10. dxc5 N6d7 11. Nf3 O-O 12. Be2 Na6 13. Qd5 Ndxc5 14. O-O Be6 1/2-1/2

[Event "Isle of Wight International"]
[Site "Ryde"]
[Date "2025.02.22"]
[Round "8.23"]
[White "Sanitt, Ethan"]
[Black "Zheng, Harry Z"]
[Result "0-1"]
[WhiteElo "2040"]
[BlackElo "2198"]
[PlyCount "70"]
[EventDate "2025.02.18"]
[EventType "swiss"]
[EventRounds "9"]
[EventCountry "ENG"]
[SourceTitle "BritBase"]
[Source "John Saunders"]
[SourceDate "2025.02.21"]
[SourceVersion "1"]
[SourceVersionDate "2025.02.21"]
[SourceQuality "1"]

1. c4 e5 2. g3 d5 3. cxd5 Qxd5 4. Nf3 Nc6 5. Nc3 Qd8 6. Bg2 Nf6 7. O-O h6 8. a3 a5 9. d4 exd4 10. Nb5 Bc5 11. Qc2 Bb6 12. Rd1 O-O 13. h3 Be6 14. Nfxd4 Nxd4 15. Nxd4 Bxd4 16. e3 Qc8 17. Rxd4 Bxh3 18. Bh1 c6 19. e4 Qg4 20. Bf4 Qh5 21. Rad1 Bg4 22. R1d2 Rfe8 23. Qb3 c5 24. Rd6 Nxe4 25. R2d5 Ng5 26. Bd2 Bf3 27. Bxf3 Nxf3+ 28. Kg2 Nxd2 29. Qd3 Qe2 30. Qxd2 Qe4+ 31. Kh2 c4 32. Rxa5 Rxa5 33. Qxa5 Re5 34. Qd8+ Kh7 35. Qh4 Qf3 0-1

[Event "Isle of Wight International"]
[Site "Ryde"]
[Date "2025.02.22"]
[Round "8.24"]
[White "Dickenson, Neil F"]
[Black "Kothari, Jai"]
[Result "1-0"]
[WhiteElo "2283"]
[BlackElo "2070"]
[PlyCount "163"]
[EventDate "2025.02.18"]
[EventType "swiss"]
[EventRounds "9"]
[EventCountry "ENG"]
[SourceTitle "BritBase"]
[Source "John Saunders"]
[SourceDate "2025.02.21"]
[SourceVersion "1"]
[SourceVersionDate "2025.02.21"]
[SourceQuality "1"]

1. d4 Nf6 2. c4 c5 3. d5 b5 4. Qc2 bxc4 5. e4 e6 6. Bxc4 exd5 7. exd5 d6 8. Nf3 Be7 9. O-O O-O 10. b3 Bb7 11. Nc3 Nbd7 12. Bb2 Nb6 13. Rad1 Rb8 14. Rfe1 Nxc4 15. bxc4 Ba6 16. Ba1 Qd7 17. Nd2 Rfe8 18. Nce4 Nxe4 19. Nxe4 Rb4 20. Qc3 f6 21. Qg3 Kf8 22. Qh4 Qf5 23. Qg3 Qg6 24. Qf3 Rxc4 25. Re3 Bc8 26. Qe2 Rb4 27. Re1 Bd7 28. Nxc5 dxc5 29. Rxe7 Rb7 30. Rxe8+ Qxe8 31. Qd2 Qc8 32. h3 Bf5 33. Qe3 Rd7 34. d6 Bg6 35. Bb2 c4 36. Qc3 Bf7 37. Ba3 Kg8 38. Re3 Qb7 39. Qe1 Qc8 40. Kh2 Qd8 41. Qb4 Qb6 42. Qa4 Qb7 43. Bc5 a6 44. Qd1 Qc8 45. Qd4 Qb7 46. Ba3 Qc6 47. Re2 c3 48. Rc2 Qc4 49. Qe3 h5 50. Rxc3 Qxa2 51. Qe4 g6 52. Qf4 Kg7 53. h4 Qd5 54. Rc8 Qf5 55. Qxf5 gxf5 56. Kg3 Kg6 57. Kf4 Be6 58. Rb8 Kg7 59. Ke3 Kg6 60. Kd4 f4 61. Ke4 f3 62. gxf3 Bf7 63. f4 Be6 64. f5+ Bxf5+ 65. Kd5 Bg4 66. Kc6 Be6 67. Rh8 Bg4 68. f3 Bh3 69. Bc1 Rf7 70. Rh6+ Kf5 71. d7 Rf8 72. Kc7 Bg2 73. d8=Q Rxd8 74. Kxd8 Bxf3 75. Bb2 Kg4 76. Bxf6 a5 77. Bg5 a4 78. Ra6 Bd1 79. Ke7 Kf3 80. Kf6 Ke4 81. Bc1 Bf3 82. Rxa4+ 1-0

[Event "Isle of Wight International"]
[Site "Ryde"]
[Date "2025.02.22"]
[Round "8.25"]
[White "Arkell, Keith C"]
[Black "Damodaran, Patrick"]
[Result "1-0"]
[WhiteElo "2329"]
[BlackElo "2072"]
[PlyCount "119"]
[EventDate "2025.02.18"]
[EventType "swiss"]
[EventRounds "9"]
[EventCountry "ENG"]
[SourceTitle "BritBase"]
[Source "John Saunders"]
[SourceDate "2025.02.21"]
[SourceVersion "1"]
[SourceVersionDate "2025.02.21"]
[SourceQuality "1"]

1. d4 Nf6 2. Nf3 d6 3. c4 g6 4. Nc3 Bg7 5. g3 O-O 6. Bg2 Nbd7 7. O-O c5 8. d5 Nb6 9. Qd3 Bd7 10. e4 a6 11. Re1 Ng4 12. h3 Ne5 13. Nxe5 dxe5 14. Be3 Qc7 15. Rab1 a5 16. g4 Nc8 17. b3 Nd6 18. f4 f6 19. fxe5 fxe5 20. g5 Rf7 21. Rf1 Raf8 22. h4 Qc8 23. Rxf7 Rxf7 24. Rf1 b6 25. Rxf7 Nxf7 26. Kh2 Nd6 27. Qf1 Qa6 28. Bh3 Qc8 29. Na4 Bxh3 30. Qxh3 Qxh3+ 31. Kxh3 Nc8 32. Kg4 Kf7 33. Kf3 Ke8 34. a3 Kd8 35. b4 axb4 36. axb4 cxb4 37. Nxb6 Nxb6 38. Bxb6+ Kd7 39. Ke2 h6 40. Kd3 hxg5 41. hxg5 e6 42. Bc5 exd5 43. cxd5 b3 44. Kc3 b2 45. Kxb2 Kc7 46. Kb3 Kd7 47. Kc4 Kc7 48. Kb5 Kd7 49. Kb6 Bh8 50. Kb7 Bg7 51. Bb4 Bh8 52. Bf8 Ke8 53. Kc8 Kxf8 54. d6 Kg8 55. d7 Kh7 56. d8=Q Bg7 57. Kd7 Bf8 58. Ke6 Bg7 59. Kf7 Bf8 60. Qd1 1-0

[Event "Isle of Wight International"]
[Site "Ryde"]
[Date "2025.02.22"]
[Round "8.26"]
[White "Murawski, Jan"]
[Black "Maki Uuro, Miika"]
[Result "1/2-1/2"]
[WhiteElo "2071"]
[BlackElo "2278"]
[PlyCount "24"]
[EventDate "2025.02.18"]
[EventType "swiss"]
[EventRounds "9"]
[EventCountry "ENG"]
[SourceTitle "BritBase"]
[Source "John Saunders"]
[SourceDate "2025.02.21"]
[SourceVersion "1"]
[SourceVersionDate "2025.02.21"]
[SourceQuality "1"]

1. d4 d5 2. c4 e6 3. Nc3 Nf6 4. Bg5 Be7 5. e3 h6 6. Bh4 dxc4 7. Bxc4 c5 8. dxc5 Qxd1+ 9. Rxd1 Nbd7 10. b4 b6 11. Nf3 bxc5 12. bxc5 Bxc5 1/2-1/2

[Event "Isle of Wight International"]
[Site "Ryde"]
[Date "2025.02.22"]
[Round "8.27"]
[White "Rappazzo, Johannes"]
[Black "Pereslavtsev, Alexandr"]
[Result "0-1"]
[WhiteElo "2209"]
[BlackElo "1946"]
[PlyCount "90"]
[EventDate "2025.02.18"]
[EventType "swiss"]
[EventRounds "9"]
[EventCountry "ENG"]
[SourceTitle "BritBase"]
[Source "John Saunders"]
[SourceDate "2025.02.21"]
[SourceVersion "1"]
[SourceVersionDate "2025.02.21"]
[SourceQuality "1"]

1. e4 c5 2. Nf3 e6 3. d4 cxd4 4. Nxd4 a6 5. c4 Nf6 6. Nc3 Qc7 7. a3 b6 8. Be3 Bb7 9. f3 Be7 10. Rc1 Nc6 11. Be2 O-O 12. O-O Bd6 13. f4 Nxd4 14. Qxd4 Bc5 15. Qd3 e5 16. f5 Rac8 17. b4 Bxe3+ 18. Qxe3 d6 19. Bd3 a5 20. h3 axb4 21. axb4 Ra8 22. Ra1 Ba6 23. Nd5 Nxd5 24. exd5 Bxc4 25. f6 Bxd3 26. Rac1 Qd7 27. Qxd3 Rac8 28. Qg3 g6 29. Rce1 Kh8 30. Re4 Qb5 31. Qh4 g5 32. Qxg5 Rg8 33. Qd2 Rg6 34. Rg4 Rcg8 35. Rc1 Rxf6 36. Rxg8+ Kxg8 37. h4 Qd7 38. Qe3 Qg4 39. Qxb6 Qxh4 40. b5 Rh6 41. Rc8+ Kg7 42. Qe3 Qh1+ 43. Kf2 Rf6+ 44. Ke2 Qxg2+ 45. Kd3 Rf3 0-1

[Event "Isle of Wight International"]
[Site "Ryde"]
[Date "2025.02.22"]
[Round "8.28"]
[White "Ng, Jun Fung Isaac"]
[Black "Sooraj, M R"]
[Result "1-0"]
[WhiteElo "2034"]
[BlackElo "2152"]
[PlyCount "83"]
[EventDate "2025.02.18"]
[EventType "swiss"]
[EventRounds "9"]
[EventCountry "ENG"]
[SourceTitle "BritBase"]
[Source "John Saunders"]
[SourceDate "2025.02.21"]
[SourceVersion "1"]
[SourceVersionDate "2025.02.21"]
[SourceQuality "1"]

1. c4 f5 2. Nc3 Nf6 3. d4 g6 4. g3 Bg7 5. Bg2 O-O 6. Nf3 d6 7. O-O c6 8. Rb1 a5 9. d5 e5 10. dxe6 Bxe6 11. b3 Nh5 12. Bb2 Na6 13. Na4 Nc5 14. Bxg7 Nxg7 15. Nc3 Qe7 16. Qd4 Bf7 17. Rfe1 Nge6 18. Qd2 Qf6 19. e4 f4 20. e5 dxe5 21. Ne4 Nxe4 22. Rxe4 Rfd8 23. Qc3 Nd4 24. Nxe5 c5 25. Rbe1 fxg3 26. hxg3 Re8 27. Qc1 Be6 28. Ng4 Qf8 29. Qg5 Bxg4 30. Qxg4 Nf5 31. Rxe8 Rxe8 32. Rxe8 Qxe8 33. Bxb7 Qe1+ 34. Kg2 Qd2 35. Qe4 Qxa2 36. Qe5 h5 37. Qxc5 Qxb3 38. Bd5+ Kg7 39. Qxa5 h4 40. Qc7+ Kf6 41. Qd8+ Ke5 42. Qh8+ 1-0

[Event "Isle of Wight International"]
[Site "Ryde"]
[Date "2025.02.22"]
[Round "8.29"]
[White "Liu, Jack"]
[Black "Patel, Keatan"]
[Result "1-0"]
[WhiteElo "2141"]
[BlackElo "1957"]
[PlyCount "59"]
[EventDate "2025.02.18"]
[EventType "swiss"]
[EventRounds "9"]
[EventCountry "ENG"]
[SourceTitle "BritBase"]
[Source "John Saunders"]
[SourceDate "2025.02.21"]
[SourceVersion "1"]
[SourceVersionDate "2025.02.21"]
[SourceQuality "1"]

1. e4 e5 2. Nf3 Nc6 3. Bc4 Bc5 4. c3 Nf6 5. d3 d6 6. Bg5 a6 7. Nbd2 Ba7 8. a4 h6 9. Bh4 g5 10. Bg3 Qe7 11. O-O Kf8 12. d4 Kg7 13. Bd5 Nh5 14. Kh1 exd4 15. Nxd4 Nxg3+ 16. fxg3 Rf8 17. Nxc6 bxc6 18. Bxc6 Rb8 19. Nc4 Be6 20. Qd3 f6 21. b4 Qf7 22. Bd5 h5 23. Na5 Bb6 24. Nc6 Rbe8 25. a5 Bxd5 26. exd5 Re3 27. Qd2 Rfe8 28. axb6 Re2 29. Qd1 cxb6 30. Nd4 1-0

[Event "Isle of Wight International"]
[Site "Ryde"]
[Date "2025.02.22"]
[Round "8.30"]
[White "Bugaj, Hanna"]
[Black "Elgar, Tim"]
[Result "0-1"]
[WhiteElo "1903"]
[BlackElo "2104"]
[PlyCount "144"]
[EventDate "2025.02.18"]
[EventType "swiss"]
[EventRounds "9"]
[EventCountry "ENG"]
[SourceTitle "BritBase"]
[Source "John Saunders"]
[SourceDate "2025.02.21"]
[SourceVersion "1"]
[SourceVersionDate "2025.02.21"]
[SourceQuality "1"]

1. d4 Nf6 2. Nf3 g6 3. Nbd2 Bg7 4. e4 d6 5. Bb5+ c6 6. Bd3 O-O 7. O-O c5 8. c3 cxd4 9. cxd4 Nc6 10. h3 Bd7 11. Re1 Rc8 12. a3 Nh5 13. d5 Ne5 14. Nxe5 Bxe5 15. Nf3 Bf4 16. Qb3 b5 17. Bf1 Qb6 18. Bxf4 Nxf4 19. Rac1 e5 20. Qe3 Qxe3 21. fxe3 Nh5 22. g4 Nf6 23. Bd3 a6 24. Rf1 Kg7 25. Kg2 h5 26. g5 Nh7 27. h4 Bg4 28. Nh2 Bd7 29. Nf3 f6 30. Rxc8 Rxc8 31. gxf6+ Nxf6 32. Ng5 a5 33. Kg3 a4 34. Rf2 Rb8 35. Rc2 Rb7 36. Bf1 Kf8 37. Bh3 Ke7 38. Bxd7 Kxd7 39. Kf3 Rb8 40. Ne6 Rc8 41. Rxc8 Kxc8 42. Nf8 Kc7 43. Nxg6 Kb6 44. Ke2 Nxe4 45. Kd3 Nf2+ 46. Ke2 Ng4 47. Ne7 e4 48. Nf5 Kc5 49. Nd4 Nf6 50. Kd2 Nxd5 51. Ne6+ Kc4 52. Nd4 Nf6 53. Kc2 Ng4 54. Kd2 Ne5 55. Kc2 Nf3 56. Nf5 d5 57. Nd6+ Kc5 58. Nf5 d4 59. Ng3 dxe3 60. Nxe4+ Kc4 61. Ng3 Kd4 62. Ne2+ Kc4 63. Ng3 Nd4+ 64. Kc1 Kd3 65. Nxh5 Ke2 66. Nf4+ Kf3 67. Nd3 Kg4 68. Ne1 Nf3 69. Ng2 e2 70. h5 Kg3 71. Ne1 Nxe1 72. Kd2 Kf2 0-1

[Event "Isle of Wight International"]
[Site "Ryde"]
[Date "2025.02.22"]
[Round "8.31"]
[White "Chong, Kai Ni Agnes"]
[Black "Patel, Zain"]
[Result "0-1"]
[WhiteElo "1955"]
[BlackElo "2089"]
[PlyCount "112"]
[EventDate "2025.02.18"]
[EventType "swiss"]
[EventRounds "9"]
[EventCountry "ENG"]
[SourceTitle "BritBase"]
[Source "John Saunders"]
[SourceDate "2025.02.21"]
[SourceVersion "1"]
[SourceVersionDate "2025.02.21"]
[SourceQuality "1"]

1. d4 Nf6 2. c4 e6 3. Nf3 d5 4. g3 dxc4 5. Bg2 c5 6. O-O Nc6 7. Qa4 Bd7 8. Qxc4 b5 9. Qd3 c4 10. Qd1 Rc8 11. Bf4 Be7 12. Ne5 O-O 13. Nc3 b4 14. Ne4 Nd5 15. Nxc4 Nxf4 16. gxf4 Be8 17. Rc1 Nxd4 18. e3 Nf5 19. Qxd8 Rxd8 20. Rfd1 Bb5 21. b3 Rxd1+ 22. Rxd1 Rc8 23. Bf1 Bc6 24. Bg2 Bb5 25. Bf1 Bc6 26. Bg2 Bd5 27. Ned2 Nh4 28. Bh1 Rd8 29. Rc1 f6 30. Bxd5 exd5 31. Na5 d4 32. Nc6 dxe3 33. Nxd8 exd2 34. Rd1 Bxd8 35. Kf1 Nf3 36. Kg2 Nd4 37. Rxd2 Bb6 38. Kg3 Kf7 39. Rd1 Ke6 40. Kg4 f5+ 41. Kh5 Nb5 42. Re1+ Kf6 43. Re8 Nc3 44. Rf8+ Ke7 45. Rh8 Nxa2 46. Rxh7 Kf6 47. Rh8 Nc1 48. Rf8+ Ke7 49. Rxf5 Nxb3 50. Rb5 Bc5 51. Kg6 a5 52. Kxg7 a4 53. f5 a3 54. f6+ Kd7 55. f7 a2 56. Rxc5 Nxc5 0-1

[Event "Isle of Wight International"]
[Site "Ryde"]
[Date "2025.02.22"]
[Round "8.32"]
[White "Cansdale, Zach"]
[Black "Kumar, Sanjit S"]
[Result "0-1"]
[WhiteElo "1955"]
[BlackElo "2074"]
[PlyCount "66"]
[EventDate "2025.02.18"]
[EventType "swiss"]
[EventRounds "9"]
[EventCountry "ENG"]
[SourceTitle "BritBase"]
[Source "John Saunders"]
[SourceDate "2025.02.21"]
[SourceVersion "1"]
[SourceVersionDate "2025.02.21"]
[SourceQuality "1"]

1. d4 d5 2. c4 c6 3. cxd5 cxd5 4. Nc3 Nf6 5. f3 Nc6 6. e4 e6 7. e5 Nd7 8. f4 Bb4 9. Nf3 Nb6 10. a3 Bxc3+ 11. bxc3 Na5 12. Bd3 Bd7 13. O-O Qc7 14. Bd2 Nac4 15. Ra2 Na4 16. Qe2 Nxd2 17. Rxd2 Nxc3 18. Qe3 Ne4 19. Rc2 Bc6 20. Bxe4 dxe4 21. Ng5 Qd7 22. Nxe4 Bxe4 23. Qxe4 O-O 24. f5 exf5 25. Rxf5 Rad8 26. Rd2 Qd5 27. Qh4 Rc8 28. h3 Rc3 29. Rh5 h6 30. Rf2 Rxa3 31. Rf4 Ra6 32. Rg4 Rg6 33. Rxh6 gxh6 0-1

[Event "Isle of Wight International"]
[Site "Ryde"]
[Date "2025.02.22"]
[Round "8.33"]
[White "Malinovsky, Ilya"]
[Black "Sandhu, Manvith"]
[Result "1-0"]
[WhiteElo "2073"]
[BlackElo "1904"]
[PlyCount "83"]
[EventDate "2025.02.18"]
[EventType "swiss"]
[EventRounds "9"]
[EventCountry "ENG"]
[SourceTitle "BritBase"]
[Source "John Saunders"]
[SourceDate "2025.02.21"]
[SourceVersion "1"]
[SourceVersionDate "2025.02.21"]
[SourceQuality "1"]

1. e4 c5 2. c3 Nf6 3. e5 Nd5 4. Nf3 e6 5. d4 cxd4 6. cxd4 d6 7. Bc4 Be7 8. O-O O-O 9. Qe2 Nd7 10. a3 Re8 11. Re1 dxe5 12. dxe5 Nf8 13. Rd1 b6 14. Nd4 Qc7 15. Nb5 Qc6 16. Nxa7 Rxa7 17. Bb5 Ba6 18. Bxa6 Nc7 19. Bd3 Ng6 20. Bd2 Rd8 21. Be4 Qb5 22. Qxb5 Nxb5 23. Nc3 Rad7 24. Nxb5 Rxd2 25. Rxd2 Rxd2 26. Bxg6 Rxb2 27. Bd3 Bc5 28. Rf1 Bxa3 29. Ra1 Bf8 30. Ra8 g6 31. Nd6 Kg7 32. Ne8+ Kh6 33. Nf6 Bc5 34. Rh8 Bxf2+ 35. Kf1 Bd4 36. h4 Kg7 37. Rxh7+ Kf8 38. Rh8+ Kg7 39. Rg8+ Kh6 40. g4 Be3 41. g5+ Bxg5 42. Rh8+ 1-0

[Event "Isle of Wight International"]
[Site "Ryde"]
[Date "2025.02.22"]
[Round "8.34"]
[White "Brackmann, Hendrik"]
[Black "Steiners, Emils"]
[Result "1-0"]
[WhiteElo "2021"]
[BlackElo "2237"]
[PlyCount "63"]
[EventDate "2025.02.18"]
[EventType "swiss"]
[EventRounds "9"]
[EventCountry "ENG"]
[SourceTitle "BritBase"]
[Source "John Saunders"]
[SourceDate "2025.02.21"]
[SourceVersion "1"]
[SourceVersionDate "2025.02.21"]
[SourceQuality "1"]

1. e4 c5 2. Nf3 Nc6 3. Nc3 Nf6 4. Bb5 d6 5. e5 dxe5 6. Nxe5 Qc7 7. d4 e6 8. Qf3 Bd7 9. Nxd7 Qxd7 10. Bg5 cxd4 11. Bxf6 gxf6 12. Qxf6 Rg8 13. O-O-O Be7 14. Ne4 O-O-O 15. Qxf7 Rxg2 16. Qxh7 Rxf2 17. h4 Rf5 18. Bxc6 bxc6 19. h5 Rb5 20. Qg6 Qd5 21. Kb1 Ba3 22. b3 Qe5 23. Rd3 c5 24. c4 Rb6 25. h6 Qf4 26. h7 e5 27. Qg2 Rh6 28. Rf1 Qh4 29. Ng5 Rf6 30. Qa8+ Kd7 31. Qb7+ Ke8 32. Rh1 1-0

[Event "Isle of Wight International"]
[Site "Ryde"]
[Date "2025.02.22"]
[Round "8.35"]
[White "Vashisht-Pigem, Raman"]
[Black "Toma, Katarzyna"]
[Result "0-1"]
[WhiteElo "2023"]
[BlackElo "2199"]
[PlyCount "130"]
[EventDate "2025.02.18"]
[EventType "swiss"]
[EventRounds "9"]
[EventCountry "ENG"]
[SourceTitle "BritBase"]
[Source "John Saunders"]
[SourceDate "2025.02.21"]
[SourceVersion "1"]
[SourceVersionDate "2025.02.21"]
[SourceQuality "1"]

1. e4 c5 2. Nf3 Nc6 3. Bb5 g6 4. O-O Bg7 5. Re1 Nf6 6. e5 Nd5 7. Nc3 Nc7 8. Bxc6 dxc6 9. Ne4 b6 10. Nf6+ Kf8 11. Ne4 Ne6 12. d3 Nd4 13. h3 h6 14. Bf4 Be6 15. Nxd4 Qxd4 16. c3 Qd5 17. d4 cxd4 18. Qxd4 g5 19. Bg3 Qxd4 20. cxd4 Rd8 21. Rac1 Rc8 22. Red1 Kg8 23. d5 cxd5 24. Rxc8+ Bxc8 25. Rxd5 Kh7 26. Nc3 Be6 27. Rd2 Rc8 28. Nd5 Bf8 29. h4 Kg6 30. hxg5 hxg5 31. f3 Rc5 32. Nc3 Bg7 33. Re2 Bc4 34. Re4 b5 35. a3 a6 36. Kf2 Kf5 37. Nd1 Ke6 38. Ne3 Bd3 39. Rg4 Bxe5 40. Bxe5 Rxe5 41. f4 gxf4 42. Rxf4 Bg6 43. a4 Re4 44. Rxe4+ Bxe4 45. axb5 axb5 46. Ng4 Kd5 47. Nh6 Bg6 48. Ke3 Kc4 49. Kd2 Kd4 50. Ng8 e5 51. Ne7 Be4 52. g3 f5 53. Ng8 Bf3 54. Ne7 Bg4 55. Nc6+ Kd5 56. Ne7+ Ke4 57. Nc6 f4 58. gxf4 exf4 59. Nb4 Be6 60. Ke2 Bd5 61. Nc2 Bb7 62. Nb4 Kd4 63. Nc2+ Kc5 64. Ne1 Be4 65. Kd2 Kb4 0-1